U.S. Presidents By First Name - Statistics

General Stats
  • This quiz has been taken 80 times
  • The average score is 37 of 45
Answer Stats
First Name Last Name % Correct
George Washington
98%
John Adams
97%
James Madison
95%
John Quincy Adams
95%
Thomas Jefferson
95%
Donald Trump
94%
Barack Obama
92%
John F. Kennedy
92%
Abraham Lincoln
90%
George W. Bush
90%
Joe Biden
90%
Martin Van Buren
90%
Ronald Reagan
90%
Andrew Jackson
89%
Bill Clinton
89%
Dwight D. Eisenhower
89%
George H. W. Bush
89%
Harry S. Truman
89%
James Monroe
89%
Ulysses S. Grant
89%
Lyndon B. Johnson
87%
Jimmy Carter
86%
Richard Nixon
86%
Theodore Roosevelt
86%
Woodrow Wilson
86%
Calvin Coolidge
84%
William Henry Harrison
84%
Franklin D. Roosevelt
83%
Herbert Hoover
83%
James Buchanan
83%
Grover Cleveland
81%
William Howard Taft
81%
Andrew Johnson
79%
Rutherford B. Hayes
79%
James K. Polk
78%
John Tyler
78%
Gerald Ford
76%
Chester A. Arthur
71%
Franklin Pierce
71%
Warren G. Harding
68%
James A. Garfield
67%
Millard Fillmore
67%
Benjamin Harrison
56%
William McKinley
49%
Zachary Taylor
49%
No matching quizzes found
Score Distribution
Percent of People with Each Score
Percentile by Number Answered
Your Score History
You have not taken this quiz